Bariéry podnikania z pohľadu subjektov poskytujúcich ubytovacie a stravovacie služby v Slovenskej republike

Hodnotenie podnikateľského prostredia v ubytovacích a stravovacích službách. Hlavné bariéry podnikania v ubytovacích a stravovacích službách v SR z pohľadu podnikateľských subjektov. Predmetom skúmania sú bariéry vonkajšieho prostredia, subjektom skúmania sú podniky poskytujúce ubytovacie a stravova...

Ausführliche Beschreibung

Gespeichert in:
Bibliographische Detailangaben
1. Verfasser: Šmardová, Ľudmila
Format: Buchkapitel
Sprache:Slowakisch
Schlagworte:
Tags: Tag hinzufügen
Keine Tags, Fügen Sie das erste Tag hinzu!

MARC

LEADER 00000naa a2200000 4500
001 0208173
005 20231127124622.3
041 0 |a slo 
044 |a CZ 
245 1 0 |a Bariéry podnikania z pohľadu subjektov poskytujúcich ubytovacie a stravovacie služby v Slovenskej republike  |c Ľudmila Šmardová 
520 |a Hodnotenie podnikateľského prostredia v ubytovacích a stravovacích službách. Hlavné bariéry podnikania v ubytovacích a stravovacích službách v SR z pohľadu podnikateľských subjektov. Predmetom skúmania sú bariéry vonkajšieho prostredia, subjektom skúmania sú podniky poskytujúce ubytovacie a stravovacie služby. 
610 2 0 |a konkurencieschopnosť 
610 2 0 |a ruch cestovný 
610 2 0 |a Slovensko 
610 2 0 |a prostredie podnikateľské 
610 2 0 |a služby 
610 2 0 |a strediská ruchu cestovného 
610 2 0 |a stravovanie spoločné 
610 2 0 |a ubytovanie 
100 1 |a Šmardová, Ľudmila